京大の折田先生像になった人 - Statistics

General Stats
  • This quiz has been taken 29 times
  • The average score is 3 of 94
Answer Stats
# Name % Correct
2023年 後藤先生像
54%
2021年 湊あくあ総長像
46%
2019年 オルガ・イツカ
42%
2019年 オルガ先生
42%
2003年 ゴルゴ13
19%
2023年 ルフィ
15%
2008年 てんどんまん
8%
2012年 地デジカ
8%
2021年 ノシシ
8%
2022年 ポニョ
8%
2021年 セフィロス像
8%
2022年 不破湊総長像
8%
2014年 キョロちゃん
4%
2016年 カービィ
4%
2017年 コウメ太夫
4%
2023年 トニートニー・チョッパー
4%
2015年 磯野カツオ
4%
2015年 サザエ
4%
2016年 メタナイト
4%
2017年 狩野英孝
4%
2017年 島村卯月
4%
2019年 折田先生の墓(台座)
4%
2020年 折田先生像
4%
2021年 顔ハメ看板
4%
2019年 AR折田先生像
4%
2011年 Mr.CONTAC
4%
2000年 ラオウ
0%
2002年 ナウシカ
0%
2004年 サンデー先生
0%
2005年 スッパマン
0%
2006年 永沢 君男
0%
2007年 ポコちゃん
0%
2009年 ライダーマン
0%
2010年 タケシ
0%
2013年 ノッポトッポちゃん
0%
2015年 中嶋弘
0%
2018年 リセットさん
0%
2019年 小渕恵三
0%
2020年 スーパーヒトシ君
0%
2002年 王蟲
0%
2006年 藤木君
0%
2012年 ニコニコテレビちゃん
0%
2013年 きのことたけのこ
0%
2014年 連装砲ちゃん
0%
2015年 タマ
0%
2015年 チンアナゴ
0%
2018年 メジェド
0%
2020年 板東英二の写真
0%
2000年 武論尊
0%
2002年 総合人間学部
0%
2003年 さいとう・たかを
0%
2004年 ドン・ガバチョ
0%
2006年 さくらももこ
0%
2007年 黒塗り
0%
2008年 やなせたかし
0%
2010年 イワーク
0%
2011年 笑福亭鶴瓶
0%
2012年 チョナン・カン
0%
2013年 長瀬智也
0%
2014年 エンゼル
0%
2018年 みしらぬネコ
0%
2019年 竹下登
0%
2020年 野々村真
0%
2021年 原ゆたか
0%
2022年 フジモト
0%
2003年 安倍なつみ
0%
2004年 上戸彩
0%
2005年 石原さとみ
0%
2006年 長澤まさみ
0%
2007年 綾瀬はるか
0%
2008年 北乃きい
0%
2009年 優木まおみ
0%
2010年 広末涼子
0%
2011年 加藤あい
0%
2012年 本仮屋ユイカ
0%
2013年 岩佐真悠子
0%
2014年 峯岸みなみ
0%
2014年 島風
0%
2015年 菅野美穂
0%
2016年 上原亜衣
0%
2018年 小松未可子
0%
2019年 黒木華
0%
2019年 桜守歌織
0%
2020年 朝田淳弥
0%
2020年 池田エライザ
0%
2021年 本田真凛
0%
2022年 齊藤なぎさ
0%
2023年 小野寺梓
0%
2023年 葉山舞鈴
0%
2006年 大仏
0%
2011年 にせほるん
0%
2022年 ミーア先生像
0%
2023年 黎明卿像
0%
2009年 V3
0%
No matching quizzes found
Score Distribution
Percent of People with Each Score
Percentile by Number Answered
Your Score History
You have not taken this quiz